Statistics for Important People of the 19th century

Click here to take the quiz!

General Stats

  • This quiz has been taken 492 times
    (480 since last reset)
  • The average score is 16 of 52

Answer Stats

HintAnswer% Correct
UK (Queen)Victoria
88%
France (Emperor)Napoleon Bonaparte
86%
USA (President)Abraham Lincoln
85%
UK (Nurse)Florence Nightingale
74%
USA (Inventor)Thomas Edison
70%
Germany (Musician)Ludwig van Beethoven
69%
Russia (Author)Leo Tolstoy
63%
Belgium (King)Leopold II
61%
UK (Author)Charles Dickens
60%
Venezuela (Liberator)Simon Bolivar
60%
Netherlands (Artist)Vincent van Gogh
57%
USA (General)Robert Edward Lee
56%
Germany (Chancellor)Otto van Bismarck
55%
USA (President)Thomas Jefferson
55%
USA (President)Andrew Jackson
48%
Germany (Philosopher)Karl Marx
48%
Germany (Philosopher)Friedrich Nietzsche
46%
Spain (Queen)Isabella II
44%
France (Scientist)Louis Pasteur
42%
France (Scientist)Louis Pasteur
42%
USA (Chief)Sitting Bull
40%
Poland (Musician)Frederic Chopin
39%
Russia (Emperor)Alexander II
36%
UK (Scientist)Charles Darwin
32%
South Africa (King)Shaka Zulu
27%
Italy (King)Victor Emmanuel II
26%
Germany (Engineer)Carl Benz
23%
UK (Explorer)David Livingstone
20%
Brazil (Emperor)Pedro II
20%
Italy (Pope)Pius IX
19%
UK (Colonialist)Cecil Rhodes
17%
Japan (Emperor)Meiji
15%
USA (King)Kamehameha III
8%
Egypt (Governer)Muhammad Ali Pascha
8%
China (Empress dowager)Cixi
7%
USA (Author)Harriet Beecher Stowe
7%
Mexico (Priest)Miguel Hidalgo
6%
USA (Chief)Tecumseh
5%
Turkey (Sultan)Abdul Hamid II
3%
Greece (Diplomat)Ioannis Kapodistrias
2%
Haiti (Emperor)Jean Jacques Dessalines
2%
Sudan (Mahdi)Muhammad Ahmad
2%
Pakistan (Maharaja)Ranjit Singh
2%
Germany (Scientist)Robert Koch
2%
Iran (Priest)Baha'ullah
1%
Indonesia (Prince)Diponegoro
1%
South Korea (Emperor)Gojong
1%
China (Rebell)Hong Xiuquan
1%
India (Reformer)Ram Mohan Roy
1%
Nigeria (Caliph)Usman dan Fodio
1%
India (Peshwa)Nana Saheb
0%
Russia (Explorer)Nikolai Przhevalsky
0%

Score Distribution

Percentile by Number Answered

Percent of People with Each Score

Your Score History

You have not taken this quiz since the last reset